|
|
|
|
| LEADER |
00000caa a2200000 c 4500 |
| 001 |
1677911778 |
| 003 |
DE-627 |
| 005 |
20191210162753.0 |
| 007 |
tu |
| 008 |
190930s2019 xx ||||| 00| ||ger c |
| 035 |
|
|
|a (DE-627)1677911778
|
| 035 |
|
|
|a (DE-599)KXP1677911778
|
| 040 |
|
|
|a DE-627
|b ger
|c DE-627
|e rda
|
| 041 |
|
|
|a ger
|
| 084 |
|
|
|a 1
|2 ssgn
|
| 100 |
1 |
|
|e VerfasserIn
|0 (DE-588)1017637954
|0 (DE-627)676037240
|0 (DE-576)354070029
|4 aut
|a Conrad, Ruth
|d 1968-
|
| 109 |
|
|
|a Conrad, Ruth 1968-
|
| 245 |
1 |
0 |
|a Quasimodogeniti
|b 1. Petrus 1,3-9 : Der Seelen Seligkeit
|c Ruth Conrad ; Martin Weeber
|
| 264 |
|
1 |
|c 2019
|
| 336 |
|
|
|a Text
|b txt
|2 rdacontent
|
| 337 |
|
|
|a ohne Hilfsmittel zu benutzen
|b n
|2 rdamedia
|
| 338 |
|
|
|a Band
|b nc
|2 rdacarrier
|
| 700 |
1 |
|
|e VerfasserIn
|0 (DE-588)173394116
|0 (DE-627)67442929X
|0 (DE-576)134240782
|4 aut
|a Weeber, Martin
|d 1961-
|
| 773 |
0 |
8 |
|i Enthalten in
|t Predigtstudien
|d Freiburg : Verlag Kreuz in der Verlag Herder GmbH, 1968
|g 2(2019), Seite 15-21
|w (DE-627)165717041
|w (DE-600)3964-0
|w (DE-576)014416956
|x 0079-4961
|7 nnas
|
| 773 |
1 |
8 |
|g volume:2
|g year:2019
|g pages:15-21
|
| 951 |
|
|
|a AR
|
| ELC |
|
|
|b 1
|
| ITA |
|
|
|a 1
|t 1
|
| ORI |
|
|
|a SA-MARC-ixtheo_oa001.raw
|